<?xml version="1.0" encoding="UTF-8"?>
<collection xmlns="http://www.loc.gov/MARC21/slim">
 <record>
  <leader>02044nam a22002777a 4500</leader>
  <controlfield tag="001">NCT_141678</controlfield>
  <controlfield tag="008">220819b        xxu||||| |||| 00| 0 vie d</controlfield>
  <datafield tag="999" ind1=" " ind2=" ">
   <subfield code="c">7293</subfield>
   <subfield code="d">7293</subfield>
  </datafield>
  <datafield tag="020" ind1=" " ind2=" ">
   <subfield code="a">9786046649328</subfield>
   <subfield code="c">140000</subfield>
  </datafield>
  <datafield tag="082" ind1="0" ind2="4">
   <subfield code="2">23rd ed.</subfield>
   <subfield code="a">618.92</subfield>
   <subfield code="b">Th116/T.2</subfield>
  </datafield>
  <datafield tag="100" ind1="1" ind2=" ">
   <subfield code="a">Phạm Văn Thắng</subfield>
   <subfield code="e">Chủ biên</subfield>
  </datafield>
  <datafield tag="245" ind1="1" ind2="0">
   <subfield code="a">Cấp cứu hồi sức nhi khoa :</subfield>
   <subfield code="b">Triệu chứng, chẩn đoán và điều trị</subfield>
   <subfield code="n">Tập 2</subfield>
   <subfield code="c">Phạm Văn Thắng (Chủ biên); Phạm Thanh Tâm, Lượng Thị Phượng, Vũ Hải Yến,...</subfield>
  </datafield>
  <datafield tag="260" ind1=" " ind2=" ">
   <subfield code="a">H.</subfield>
   <subfield code="b">Y học</subfield>
   <subfield code="c">2021</subfield>
  </datafield>
  <datafield tag="300" ind1=" " ind2=" ">
   <subfield code="a">322 tr.</subfield>
   <subfield code="b">Minh họa</subfield>
   <subfield code="c">22cm</subfield>
  </datafield>
  <datafield tag="520" ind1="3" ind2=" ">
   <subfield code="a">Sách cấp cứu là một cẩm nang giúp thầy thuốc có thể tham khảo dễ dàng khi cần đến, cập nhật được những tiến bộ về kỹ thuật cấp cứu hồi sức, có tính thực hành phù hợp với mọi tuyến điều trị,...</subfield>
  </datafield>
  <datafield tag="653" ind1=" " ind2=" ">
   <subfield code="a">Y Đa khoa</subfield>
  </datafield>
  <datafield tag="700" ind1="1" ind2=" ">
   <subfield code="a">Phạm Thanh Tâm</subfield>
   <subfield code="e">Biên soạn</subfield>
  </datafield>
  <datafield tag="700" ind1="1" ind2=" ">
   <subfield code="a">Lương Thị Phượng</subfield>
   <subfield code="e">Biên soạn</subfield>
  </datafield>
  <datafield tag="700" ind1="1" ind2=" ">
   <subfield code="a">Vũ Hải Yến</subfield>
   <subfield code="e">Biên soạn</subfield>
  </datafield>
  <datafield tag="942" ind1=" " ind2=" ">
   <subfield code="2">ddc</subfield>
   <subfield code="c">BK</subfield>
  </datafield>
  <datafield tag="952" ind1=" " ind2=" ">
   <subfield code="0">0</subfield>
   <subfield code="1">0</subfield>
   <subfield code="2">ddc</subfield>
   <subfield code="4">0</subfield>
   <subfield code="6">618_920000000000000_TH116_T_2</subfield>
   <subfield code="7">0</subfield>
   <subfield code="9">26299</subfield>
   <subfield code="a">000001</subfield>
   <subfield code="b">000001</subfield>
   <subfield code="d">2022-09-28</subfield>
   <subfield code="o">618.92 Th116/T.2</subfield>
   <subfield code="p">MD.20759</subfield>
   <subfield code="r">2022-09-28</subfield>
   <subfield code="v">140000.00</subfield>
   <subfield code="w">2022-09-28</subfield>
   <subfield code="y">BK</subfield>
  </datafield>
  <datafield tag="952" ind1=" " ind2=" ">
   <subfield code="0">0</subfield>
   <subfield code="1">0</subfield>
   <subfield code="2">ddc</subfield>
   <subfield code="4">0</subfield>
   <subfield code="6">618_920000000000000_TH116_T_2</subfield>
   <subfield code="7">0</subfield>
   <subfield code="9">26300</subfield>
   <subfield code="a">000001</subfield>
   <subfield code="b">000001</subfield>
   <subfield code="d">2022-09-28</subfield>
   <subfield code="o">618.92 Th116/T.2</subfield>
   <subfield code="p">MD.20760</subfield>
   <subfield code="r">2022-09-28</subfield>
   <subfield code="v">140000.00</subfield>
   <subfield code="w">2022-09-28</subfield>
   <subfield code="y">BK</subfield>
  </datafield>
  <datafield tag="952" ind1=" " ind2=" ">
   <subfield code="0">0</subfield>
   <subfield code="1">0</subfield>
   <subfield code="2">ddc</subfield>
   <subfield code="4">0</subfield>
   <subfield code="6">618_920000000000000_TH116_T_2</subfield>
   <subfield code="7">0</subfield>
   <subfield code="9">26301</subfield>
   <subfield code="a">000001</subfield>
   <subfield code="b">000001</subfield>
   <subfield code="d">2022-09-28</subfield>
   <subfield code="o">618.92 Th116/T.2</subfield>
   <subfield code="p">MD.20761</subfield>
   <subfield code="r">2022-09-28</subfield>
   <subfield code="v">140000.00</subfield>
   <subfield code="w">2022-09-28</subfield>
   <subfield code="y">BK</subfield>
  </datafield>
  <datafield tag="952" ind1=" " ind2=" ">
   <subfield code="0">0</subfield>
   <subfield code="1">0</subfield>
   <subfield code="2">ddc</subfield>
   <subfield code="4">0</subfield>
   <subfield code="6">618_920000000000000_TH116_T_2</subfield>
   <subfield code="7">0</subfield>
   <subfield code="9">26302</subfield>
   <subfield code="a">000001</subfield>
   <subfield code="b">000001</subfield>
   <subfield code="d">2022-09-28</subfield>
   <subfield code="o">618.92 Th116/T.2</subfield>
   <subfield code="p">MD.20762</subfield>
   <subfield code="r">2022-09-28</subfield>
   <subfield code="v">140000.00</subfield>
   <subfield code="w">2022-09-28</subfield>
   <subfield code="y">BK</subfield>
  </datafield>
  <datafield tag="952" ind1=" " ind2=" ">
   <subfield code="0">0</subfield>
   <subfield code="1">0</subfield>
   <subfield code="2">ddc</subfield>
   <subfield code="4">0</subfield>
   <subfield code="6">618_920000000000000_TH116_T_2</subfield>
   <subfield code="7">0</subfield>
   <subfield code="9">26303</subfield>
   <subfield code="a">000001</subfield>
   <subfield code="b">000001</subfield>
   <subfield code="d">2022-09-28</subfield>
   <subfield code="o">618.92 Th116/T.2</subfield>
   <subfield code="p">MD.20763</subfield>
   <subfield code="r">2022-09-28</subfield>
   <subfield code="v">140000.00</subfield>
   <subfield code="w">2022-09-28</subfield>
   <subfield code="y">BK</subfield>
  </datafield>
  <datafield tag="980" ind1=" " ind2=" ">
   <subfield code="a">Thư viện Trường Đại học Nam Cần Thơ</subfield>
  </datafield>
 </record>
</collection>
